| 000 | 00962nam a22001697a 4500 | ||
|---|---|---|---|
| 999 |
_c62514 _d62514 |
||
| 003 | Ge_BSU | ||
| 005 | 20241125104747.0 | ||
| 008 | 241125s2006 ge ||||| |||| 00| 0 geo d | ||
| 041 | _ageo | ||
| 080 | _a005.92 ს-32 | ||
| 245 |
_aსაქმისწარმოება : _b[მმართველობითი დოკუმენტების წარმოება, დოკუმენტბრუნვის ორგანიზაცია, დოკუმენტების შესრულების კონტროლი, საკადრო დოკუმენტაციის წარმოება, საქმიანი ქაღალდების ნიმუშები] |
||
| 264 |
_aთბილისი, _c[2006]. |
||
| 300 |
_a184 გვ. ; _b20 სმ. |
||
| 653 | _aსაქმისწარმოება. | ||
| 653 | _aსაქმიანი ქაღალდები. | ||
| 942 |
_2udc _cBK |
||